| 000 | 00616nam a2200205 4500 | ||
|---|---|---|---|
| 003 | OSt | ||
| 005 | 20240716015755.0 | ||
| 006 | a | ||
| 008 | 240716b |||||||| |||| 00| 0 eng d | ||
| 020 | _a9789710388738 | ||
| 040 |
_aDWCL-Main lib. _cOC |
||
| 082 | _aFil. 519.5 B311 2009 | ||
| 110 | _aZenon R. Abao | ||
| 245 | _aBasic statistics with business and nursing applications / | ||
| 260 |
_aMandaluyong City : _bBooks Atbp. Pub. Corp., _cc2009. |
||
| 300 |
_avii, _b367 p. : ill. ; _c25 cm. |
||
| 504 | _aIncludes bibliographical references. | ||
| 650 | _a1. Statistics. | ||
| 942 |
_2ddc _n0 _cBK - FIL _kFil. |
||
| 999 |
_c2225 _d2225 |
||